Preguntas y Respuestas derecho Inmobiliario y Urbans̕tico /

Detalles Bibliográficos
Formato: Desconocido
Lenguaje:español
Publicado: [Madrid] : Přez Llorca Abogados, 2004
Materias:
Acceso en línea:Acceso restringido

MARC

LEADER 00000ny a22000003n 4500
005 20110609134952.0
008 080703c2004 sp r s 000 a0spa c
035 |a 660 
040 |a UMA.RE  |d vLex 
080 |a 347.235(460)(051)(0.034) 
080 |a 349.4(460)(051)(0.034) 
090 |c 617  |d 617 
245 0 0 |a Preguntas y Respuestas  |h [Recurso electrn̤ico]  |b derecho Inmobiliario y Urbans̕tico /  |c Martn̕ Valle Durǹ 
256 |a Servicio en ln̕ea 
260 |a [Madrid] :  |b Přez Llorca Abogados,  |c 2004 
506 1 |a Contenido solo disponible en los productos indicados  |d vLex Global  |d vLex Global (Academic Edition, excluding Law Schools)  |d vLex Global (U.S. Academic Edition, Law Schools)  |d vLex Global (U.S. Academic Edition, excluding Law Schools)  |d vLex Global (Academic Edition, Law Schools) 
650 0 7 |2 Tesauro vLex  |a Inmobiliario y registral 
650 0 7 |2 Tesauro vLex  |a Derecho inmobiliario registral 
650 0 7 |2 Tesauro vLex  |a Derecho urbans̕tico 
740 0 |a vLex Revistas (Servicios en ln̕ea) 
856 4 0 |z Acceso restringido  |u http://vlex.com/source/preguntas-inmobiliario-urbanistico-660 
942 |c REV 
999 0 |a Real property  |b Madrid